KOHA-Header-6

C++ Solutions Companion to The C++ programming Language (Record no. 7426)

000 -LEADER
fixed length control field 00292nam a2200109Ia 4500
100 ## - MAIN ENTRY--AUTHOR NAME
Personal name Vandevoorde, David
245 #0 - TITLE STATEMENT
Title C++ Solutions Companion to The C++ programming Language
260 ## - PUBLICATION, DISTRIBUTION, ETC. (IMPRINT)
Place of publication USA
Name of publisher McGraw-Hill
Year of publication 1998
300 ## - PHYSICAL DESCRIPTION
Number of Pages 292
942 ## - ADDED ENTRY ELEMENTS (KOHA)
Koha item type Books
Holdings
Withdrawn status Lost status Collection code Permanent Location Current Location Shelving location Date acquired Full call number Accession Number Koha item type
    Computer Languages MAJU MAJU Shelf No.A18 2019-09-12 005.74 1293 Computer Languages

Powered by Koha